[Event "V4Liptov2018"]
[Site "?"]
[Date "2018.06.25"]
[Round "6.10"]
[White "Sulkowski, Dawid"]
[Black "Bochnicka, Vladimir"]
[Result "1/2-1/2"]
[BlackElo "2016"]
[WhiteElo "1501"]
[LiveChessVersion "1.4.8"]

1. e4 {[%clk 1:00:58]} c5 {[%clk 1:00:36]} 2. Nf3 {[%clk 1:01:20]} Nc6
{[%clk 1:00:57]} 3. d4 {[%clk 1:01:42]} cxd4 {[%clk 1:01:22]} 4. Nxd4
{[%clk 1:02:09]} Nf6 {[%clk 1:01:46]} 5. Nc3 {[%clk 1:02:34]} e5 {[%clk 1:02:11]}
6. Ndb5 {[%clk 1:02:57]} d6 {[%clk 1:02:22]} 7. Bg5 {[%clk 1:03:18]} a6
{[%clk 1:02:40]} 8. Na3 {[%clk 1:03:40]} b5 {[%clk 1:03:02]} 9. Nd5
{[%clk 1:04:04]} Be7 {[%clk 1:03:26]} 10. Bxf6 {[%clk 1:04:27]} Bxf6
{[%clk 1:03:44]} 11. c3 {[%clk 1:04:33]} Bg5 {[%clk 1:03:13]} 12. Nc2
{[%clk 1:03:18]} O-O {[%clk 1:03:17]} 13. h4 {[%clk 1:01:20]} Bh6
{[%clk 1:03:38]} 14. Qh5 {[%clk 0:55:01]} Be6 {[%clk 0:58:37]} 15. g4
{[%clk 0:48:45]} Bf4 {[%clk 0:57:33]} 16. g5 {[%clk 0:44:01]} Rc8
{[%clk 0:48:26]} 17. Rg1 {[%clk 0:30:46]} Ne7 {[%clk 0:35:28]} 18. Nxf4
{[%clk 0:25:30]} exf4 {[%clk 0:35:31]} 19. Qf3 {[%clk 0:25:37]} d5
{[%clk 0:34:24]} 20. exd5 {[%clk 0:17:19]} Bxd5 {[%clk 0:33:50]} 21. Qxf4
{[%clk 0:16:45]} Ng6 {[%clk 0:33:34]} 22. Qd4 {[%clk 0:16:02]} Re8+
{[%clk 0:33:31]} 23. Ne3 {[%clk 0:16:00]} Bf3 {[%clk 0:25:26]} 24. Qxd8
{[%clk 0:11:09]} Rcxd8 {[%clk 0:25:55]} 25. Be2 {[%clk 0:11:02]} Nxh4
{[%clk 0:25:49]} 26. Rg3 {[%clk 0:10:51]} Bxe2 {[%clk 0:24:40]} 27. Kxe2
{[%clk 0:11:14]} Nf5 {[%clk 0:25:02]} 28. Rh3 {[%clk 0:10:09]} Nxe3
{[%clk 0:25:09]} 29. Rxe3 {[%clk 0:10:32]} Kf8 {[%clk 0:25:10]} 30. Rh1
{[%clk 0:10:18]} 1/2-1/2

[Event "V4Liptov2018"]
[Site "?"]
[Date "2018.06.25"]
[Round "6.11"]
[White "Vozarova, Adriana"]
[Black "Adamczyk, Zuzanna"]
[Result "0-1"]
[BlackElo "1750"]
[WhiteElo "1773"]
[LiveChessVersion "1.4.8"]

1. e4 {[%clk 1:00:30]} c5 {[%clk 1:00:50]} 2. Nf3 {[%clk 1:01:14]} e6
{[%clk 1:01:06]} 3. c3 {[%clk 1:01:19]} Nf6 {[%clk 1:00:54]} 4. e5
{[%clk 1:00:03]} Nd5 {[%clk 1:01:06]} 5. d4 {[%clk 0:56:47]} cxd4
{[%clk 0:59:34]} 6. cxd4 {[%clk 0:56:59]} Nc6 {[%clk 0:59:12]} 7. Be2
{[%clk 0:54:31]} d6 {[%clk 0:54:41]} 8. O-O {[%clk 0:51:19]} Be7 {[%clk 0:49:35]}
9. Na3 {[%clk 0:38:18]} dxe5 {[%clk 0:28:39]} 10. dxe5 {[%clk 0:35:41]} Bxa3
{[%clk 0:26:30]} 11. bxa3 {[%clk 0:35:54]} Nc3 {[%clk 0:24:35]} 12. Qxd8+
{[%clk 0:33:01]} Nxd8 {[%clk 0:21:38]} 13. Bc4 {[%clk 0:30:36]} Nc6
{[%clk 0:19:17]} 14. Bd2 {[%clk 0:27:20]} Ne4 {[%clk 0:17:17]} 15. Be3
{[%clk 0:23:58]} O-O {[%clk 0:13:54]} 16. Nd2 {[%clk 0:20:23]} Nxe5
{[%clk 0:09:36]} 17. Be2 {[%clk 0:14:54]} Nxd2 {[%clk 0:07:42]} 18. Bxd2
{[%clk 0:15:17]} Bd7 {[%clk 0:07:11]} 19. f4 {[%clk 0:12:42]} Ng6
{[%clk 0:06:53]} 20. Bf3 {[%clk 0:11:48]} Bc6 {[%clk 0:04:38]} 21. Rac1
{[%clk 0:10:31]} Bxf3 {[%clk 0:02:09]} 22. Rxf3 {[%clk 0:10:47]} Rfc8
{[%clk 0:02:27]} 23. Rfc3 {[%clk 0:09:35]} Ne7 {[%clk 0:02:22]} 24. Rc7
{[%clk 0:09:12]} Rxc7 {[%clk 0:01:41]} 25. Rxc7 {[%clk 0:09:33]} Nd5
{[%clk 0:01:21]} 26. Rxb7 {[%clk 0:09:23]} Kf8 {[%clk 0:01:10]} 27. Bb4+
{[%clk 0:06:46]} Kg8 {[%clk 0:01:23]} 28. g3 {[%clk 0:05:28]} a6 {[%clk 0:01:14]}
29. Kf2 {[%clk 0:03:24]} g6 {[%clk 0:01:07]} 30. Kf3 {[%clk 0:02:42]} a5
{[%clk 0:00:59]} 31. Bd2 {[%clk 0:01:33]} a4 {[%clk 0:00:56]} 32. Bb4
{[%clk 0:01:46]} h5 {[%clk 0:00:56]} 33. Ke4 {[%clk 0:01:32]} Nf6+
{[%clk 0:01:15]} 34. Kf3 {[%clk 0:01:13]} Nd5 {[%clk 0:01:04]} 35. Ke2
{[%clk 0:01:08]} Kg7 {[%clk 0:00:45]} 36. Kd3 {[%clk 0:00:57]} Kf6
{[%clk 0:00:47]} 37. Bd6 {[%clk 0:00:47]} Kg7 {[%clk 0:01:00]} 38. Kc4
{[%clk 0:00:44]} Rc8+ {[%clk 0:00:55]} 39. Kb5 {[%clk 0:00:41]} Nc3+
{[%clk 0:00:52]} 40. Kb4 {[%clk 0:00:56]} Nxa2+ {[%clk 0:01:05]} 41. Kxa4
{[%clk 0:01:17]} Nc3+ {[%clk 0:01:20]} 42. Kb3 {[%clk 0:01:28]} Ne4
{[%clk 0:01:25]} 43. Be5+ {[%clk 0:01:41]} Kg8 {[%clk 0:01:48]} 44. Rb8
{[%clk 0:02:01]} Rxb8+ {[%clk 0:01:51]} 45. Bxb8 {[%clk 0:02:27]} Kf8
{[%clk 0:02:17]} 46. a4 {[%clk 0:02:29]} Ke7 {[%clk 0:02:39]} 47. a5
{[%clk 0:02:18]} Kd7 {[%clk 0:02:55]} 48. Kc4 {[%clk 0:02:07]} Kc6
{[%clk 0:03:08]} 49. a6 {[%clk 0:02:04]} Nd2+ {[%clk 0:02:32]} 50. Kd4
{[%clk 0:01:39]} Nf3+ {[%clk 0:02:44]} 51. Ke4 {[%clk 0:01:29]} Nxh2
{[%clk 0:03:01]} 52. a7 {[%clk 0:01:45]} Kb7 53. Ke3 {[%clk 0:00:57]} Ng4+
{[%clk 0:02:49]} 54. Kf3 {[%clk 0:01:13]} f6 {[%clk 0:01:27]} 55. Ke4
{[%clk 0:01:02]} g5 {[%clk 0:01:29]} 56. fxg5 {[%clk 0:00:37]} fxg5
{[%clk 0:01:57]} 57. Kf3 {[%clk 0:01:00]} Ka8 {[%clk 0:01:02]} 58. Kg2
{[%clk 0:00:41]} Ne3+ {[%clk 0:00:57]} 59. Kf3 {[%clk 0:00:53]} Ng4
{[%clk 0:00:51]} 60. Kg2 {[%clk 0:01:11]} Ne3+ {[%clk 0:01:00]} 61. Kf3
{[%clk 0:01:31]} Nc4 {[%clk 0:01:12]} 62. Ke2 {[%clk 0:01:22]} Na5
{[%clk 0:01:29]} 63. Kf3 {[%clk 0:01:05]} Nc6 {[%clk 0:01:51]} 64. Bd6
{[%clk 0:00:56]} Kxa7 {[%clk 0:01:58]} 65. Ke4 {[%clk 0:00:48]} Kb7
{[%clk 0:02:10]} 66. Kf3 {[%clk 0:00:48]} Kc8 {[%clk 0:01:42]} 67. Bf8
{[%clk 0:00:36]} Ne5+ {[%clk 0:01:24]} 68. Ke4 {[%clk 0:00:43]} Nf7
{[%clk 0:01:46]} 69. Be7 {[%clk 0:00:36]} Kd7 {[%clk 0:02:08]} 70. Bf6
{[%clk 0:00:57]} Kd6 {[%clk 0:01:34]} 71. Bc3 {[%clk 0:00:37]} Ke7
{[%clk 0:01:19]} 72. Bd4 {[%clk 0:00:36]} Nd6+ {[%clk 0:01:14]} 73. Kf3
{[%clk 0:00:35]} Nf5 {[%clk 0:01:17]} 74. Bc3 0-1

[Event "V4Liptov2018"]
[Site "?"]
[Date "2018.06.25"]
[Round "6.12"]
[White "Zniszczol, Wiktoria"]
[Black "Valigursky, Michal"]
[Result "1/2-1/2"]
[BlackElo "1623"]
[WhiteElo "1546"]
[LiveChessVersion "1.4.8"]

1. e4 {[%clk 1:00:57]} e5 {[%clk 1:00:26]} 2. Nf3 {[%clk 1:01:21]} Nc6
{[%clk 1:00:48]} 3. Nc3 {[%clk 1:01:36]} Nf6 {[%clk 1:01:06]} 4. d4
{[%clk 1:01:43]} exd4 {[%clk 1:00:47]} 5. Nxd4 {[%clk 1:02:08]} Be7
{[%clk 0:51:39]} 6. Nxc6 {[%clk 1:02:16]} dxc6 {[%clk 0:48:31]} 7. Bf4
{[%clk 0:59:21]} Be6 {[%clk 0:47:25]} 8. Qxd8+ {[%clk 0:58:42]} Rxd8
{[%clk 0:45:08]} 9. Bxc7 {[%clk 0:57:23]} Rd7 {[%clk 0:41:46]} 10. Bf4
{[%clk 0:55:09]} O-O {[%clk 0:31:43]} 11. a3 {[%clk 0:50:51]} b5 {[%clk 0:28:39]}
12. Be2 {[%clk 0:48:45]} a5 {[%clk 0:28:00]} 13. f3 {[%clk 0:47:43]} Bc5
{[%clk 0:27:28]} 14. Nd1 {[%clk 0:44:06]} Rfd8 {[%clk 0:21:32]} 15. Nf2
{[%clk 0:39:42]} Nh5 {[%clk 0:20:35]} 16. Bc1 {[%clk 0:37:43]} h6
{[%clk 0:10:17]} 17. Nd3 {[%clk 0:34:27]} Bd4 {[%clk 0:09:42]} 18. e5
{[%clk 0:26:19]} g6 {[%clk 0:06:59]} 19. Bxh6 {[%clk 0:26:29]} Bc4
{[%clk 0:06:37]} 20. Rb1 {[%clk 0:23:54]} Bxd3 {[%clk 0:06:20]} 21. Bxd3
{[%clk 0:24:15]} Bxe5 {[%clk 0:06:25]} 22. O-O {[%clk 0:23:51]} Bf4
{[%clk 0:05:44]} 23. Bxf4 {[%clk 0:20:14]} Nxf4 {[%clk 0:06:09]} 24. Be4
{[%clk 0:20:04]} Rd2 {[%clk 0:04:59]} 25. Rf2 {[%clk 0:19:06]} Ne2+
{[%clk 0:04:48]} 26. Kf1 {[%clk 0:18:33]} Nf4 {[%clk 0:03:42]} 27. Kg1
{[%clk 0:15:25]} Ne2+ {[%clk 0:02:59]} 28. Kf1 {[%clk 0:15:50]} Nf4
{[%clk 0:03:08]} 29. Kg1 {[%clk 0:16:13]} 1/2-1/2

[Event "V4Liptov2018"]
[Site "?"]
[Date "2018.06.25"]
[Round "6.13"]
[White "Durica, Adam"]
[Black "Bango, Lukas"]
[Result "0-1"]
[BlackElo "2130"]
[WhiteElo "1950"]
[LiveChessVersion "1.4.8"]

1. Nf3 {[%clk 1:00:58]} Nf6 {[%clk 0:59:56]} 2. c4 {[%clk 1:01:18]} e6
{[%clk 1:00:08]} 3. g3 {[%clk 1:01:39]} b6 {[%clk 1:00:24]} 4. Bg2
{[%clk 1:02:03]} Bb7 {[%clk 1:00:49]} 5. O-O {[%clk 1:02:15]} Be7
{[%clk 1:01:12]} 6. b3 {[%clk 1:02:32]} O-O {[%clk 1:01:35]} 7. Bb2
{[%clk 1:02:54]} c5 {[%clk 1:01:16]} 8. d3 {[%clk 1:03:10]} d6 {[%clk 1:00:56]}
9. Nc3 {[%clk 1:03:06]} Nbd7 {[%clk 1:00:36]} 10. e3 {[%clk 1:03:06]} a6
{[%clk 0:59:56]} 11. Qe2 {[%clk 1:02:45]} Qc7 {[%clk 0:59:45]} 12. Ne1
{[%clk 1:02:09]} Rac8 {[%clk 0:59:17]} 13. f4 {[%clk 1:01:59]} Rfd8
{[%clk 0:57:57]} 14. g4 {[%clk 1:00:13]} Nf8 {[%clk 0:51:45]} 15. g5
{[%clk 0:58:18]} Ne8 {[%clk 0:52:14]} 16. Qh5 {[%clk 0:58:19]} g6
{[%clk 0:48:59]} 17. Qh6 {[%clk 0:58:37]} d5 {[%clk 0:49:04]} 18. Nxd5
{[%clk 0:59:01]} exd5 {[%clk 0:49:00]} 19. f5 {[%clk 0:59:09]} dxc4
{[%clk 0:47:03]} 20. bxc4 {[%clk 0:59:10]} Bxg2 {[%clk 0:47:28]} 21. Kxg2
{[%clk 0:59:22]} gxf5 {[%clk 0:46:35]} 22. Rxf5 {[%clk 0:58:58]} Qc6+
{[%clk 0:46:22]} 23. e4 {[%clk 0:58:18]} Qxh6 {[%clk 0:46:44]} 24. gxh6
{[%clk 0:58:42]} Ng6 {[%clk 0:46:43]} 25. Kf2 {[%clk 0:57:49]} Rc6
{[%clk 0:46:54]} 26. Ke2 {[%clk 0:57:05]} Nd6 {[%clk 0:45:28]} 27. Rf1
{[%clk 0:56:07]} b5 {[%clk 0:45:16]} 28. e5 {[%clk 0:54:24]} Ne8 {[%clk 0:45:03]}
29. Ng2 {[%clk 0:53:38]} bxc4 {[%clk 0:45:21]} 30. dxc4 {[%clk 0:53:51]} Nc7
{[%clk 0:45:17]} 31. Rf5 {[%clk 0:52:08]} Bf8 {[%clk 0:44:37]} 32. Bc1
{[%clk 0:50:59]} Ne6 {[%clk 0:45:01]} 33. Kf2 {[%clk 0:50:18]} Rd4
{[%clk 0:44:07]} 34. Ne3 {[%clk 0:49:36]} Bxh6 {[%clk 0:43:38]} 35. Nd5
{[%clk 0:49:53]} Bxc1 {[%clk 0:43:29]} 36. Rxc1 {[%clk 0:50:06]} Kg7
{[%clk 0:43:42]} 37. Ke3 {[%clk 0:50:02]} Rh4 {[%clk 0:43:10]} 38. Rcf1
{[%clk 0:50:14]} Nd8 {[%clk 0:42:45]} 39. Nf4 {[%clk 0:47:50]} Nxf4
{[%clk 0:42:46]} 40. R1xf4 {[%clk 0:48:11]} Rxf4 {[%clk 0:43:06]} 41. Kxf4
{[%clk 0:48:34]} Ne6+ {[%clk 0:42:44]} 42. Ke4 {[%clk 0:48:52]} Rb6
{[%clk 0:42:50]} 43. Rf2 {[%clk 0:48:57]} Nc7 {[%clk 0:38:42]} 44. Kf5
{[%clk 0:47:50]} Rb4 {[%clk 0:38:32]} 45. Rf4 {[%clk 0:47:57]} Rb2
{[%clk 0:38:47]} 46. Rg4+ {[%clk 0:48:09]} Kf8 {[%clk 0:39:10]} 47. Rh4
{[%clk 0:48:28]} Rf2+ {[%clk 0:38:14]} 48. Ke4 {[%clk 0:48:46]} Ne6
{[%clk 0:34:40]} 49. Kd5 {[%clk 0:48:26]} Rxa2 {[%clk 0:34:29]} 50. Rxh7
{[%clk 0:48:42]} a5 {[%clk 0:34:55]} 51. Rh8+ {[%clk 0:47:56]} Kg7
{[%clk 0:35:24]} 52. Ra8 {[%clk 0:48:10]} Nc7+ {[%clk 0:35:51]} 0-1

[Event "V4Liptov2018"]
[Site "?"]
[Date "2018.06.25"]
[Round "6.14"]
[White "Slaba, Andrea"]
[Black "Holly, Andrej"]
[Result "0-1"]
[BlackElo "1924"]
[WhiteElo "1936"]
[LiveChessVersion "1.4.8"]

1. Nf3 {[%clk 1:00:57]} Nf6 {[%clk 1:00:43]} 2. g3 {[%clk 1:01:22]} g6
{[%clk 1:01:07]} 3. Bg2 {[%clk 1:01:47]} Bg7 {[%clk 1:01:35]} 4. O-O
{[%clk 1:02:08]} O-O {[%clk 1:02:02]} 5. c4 {[%clk 1:02:21]} d6 {[%clk 1:02:27]}
6. Nc3 {[%clk 1:02:37]} e5 {[%clk 1:02:41]} 7. d3 {[%clk 1:02:59]} Nbd7
{[%clk 1:02:22]} 8. Bd2 {[%clk 1:02:53]} c6 {[%clk 1:01:50]} 9. Rb1
{[%clk 1:03:03]} a5 {[%clk 0:56:38]} 10. a3 {[%clk 1:03:14]} Nc5 {[%clk 0:55:24]}
11. b4 {[%clk 1:02:20]} axb4 {[%clk 0:54:48]} 12. axb4 {[%clk 1:02:49]} Ne6
{[%clk 0:52:46]} 13. h3 {[%clk 1:00:37]} Nd7 {[%clk 0:45:04]} 14. b5
{[%clk 0:58:15]} c5 {[%clk 0:44:04]} 15. Ne4 {[%clk 0:57:30]} Qe7
{[%clk 0:44:01]} 16. Neg5 {[%clk 0:53:43]} Nd4 {[%clk 0:38:25]} 17. Ne1
{[%clk 0:43:15]} f6 {[%clk 0:37:22]} 18. Ne4 {[%clk 0:43:32]} f5 {[%clk 0:37:18]}
19. Nc3 {[%clk 0:43:58]} Nf6 {[%clk 0:36:03]} 20. e3 {[%clk 0:43:09]} Ne6
{[%clk 0:36:31]} 21. Nd5 {[%clk 0:42:20]} Nxd5 {[%clk 0:36:24]} 22. Bxd5
{[%clk 0:42:45]} Kh8 {[%clk 0:35:39]} 23. Bg2 {[%clk 0:40:17]} f4
{[%clk 0:33:06]} 24. exf4 {[%clk 0:39:00]} exf4 {[%clk 0:33:28]} 25. g4
{[%clk 0:38:55]} Nd4 {[%clk 0:30:50]} 26. Be4 {[%clk 0:38:23]} Ra2
{[%clk 0:28:31]} 27. Nf3 {[%clk 0:37:23]} Nxf3+ {[%clk 0:26:22]} 28. Bxf3
{[%clk 0:37:51]} Qh4 {[%clk 0:25:38]} 29. Kg2 {[%clk 0:37:44]} Bd4
{[%clk 0:25:21]} 30. Qe1 {[%clk 0:34:46]} Bd7 {[%clk 0:24:44]} 31. Bc3
{[%clk 0:34:28]} Re8 {[%clk 0:23:46]} 32. Bxd4+ {[%clk 0:34:50]} cxd4
{[%clk 0:24:14]} 33. Qd1 {[%clk 0:33:04]} Qg3+ {[%clk 0:23:24]} 34. Kh1
{[%clk 0:33:17]} Qxh3+ {[%clk 0:23:28]} 35. Kg1 {[%clk 0:33:39]} h5
{[%clk 0:22:13]} 36. gxh5 gxh5 {[%clk 0:22:03]} 37. Bg2 {[%clk 0:32:42]} Rg8
{[%clk 0:22:28]} 0-1

[Event "V4Liptov2018"]
[Site "?"]
[Date "2018.06.25"]
[Round "6.15"]
[White "Sivcak, Matej"]
[Black "Bango, Dominik"]
[Result "1/2-1/2"]
[BlackElo "1861"]
[WhiteElo "1879"]
[LiveChessVersion "1.4.8"]

1. e4 {[%clk 1:00:56]} e5 {[%clk 1:00:55]} 2. f4 {[%clk 1:01:13]} Bc5
{[%clk 1:01:21]} 3. Bc4 {[%clk 1:00:50]} d6 {[%clk 1:01:31]} 4. Nf3
{[%clk 1:00:40]} Nf6 {[%clk 1:01:33]} 5. Nc3 {[%clk 0:53:55]} O-O
{[%clk 1:01:32]} 6. d3 {[%clk 0:50:54]} Ng4 {[%clk 1:01:24]} 7. Rf1
{[%clk 0:50:59]} Ne3 {[%clk 1:00:56]} 8. Bxe3 {[%clk 0:51:07]} Bxe3
{[%clk 1:01:23]} 9. fxe5 {[%clk 0:38:11]} dxe5 {[%clk 1:01:41]} 10. Nxe5
{[%clk 0:29:29]} Qh4+ {[%clk 0:57:39]} 11. Ke2 {[%clk 0:28:27]} Qxh2
{[%clk 0:55:50]} 12. Kxe3 {[%clk 0:24:29]} Qxe5 {[%clk 0:55:55]} 13. d4
{[%clk 0:21:25]} Qg5+ {[%clk 0:55:13]} 14. Kf2 {[%clk 0:21:30]} Be6
{[%clk 0:53:16]} 15. Bxe6 {[%clk 0:15:26]} fxe6+ {[%clk 0:50:05]} 16. Kg1
{[%clk 0:14:40]} Qe3+ {[%clk 0:50:25]} 17. Kh2 {[%clk 0:14:17]} Nc6
{[%clk 0:50:35]} 18. d5 {[%clk 0:13:05]} Ne5 {[%clk 0:46:54]} 19. Qh5
{[%clk 0:08:20]} Rf4 {[%clk 0:30:22]} 20. Rae1 {[%clk 0:03:53]} 1/2-1/2

[Event "V4Liptov2018"]
[Site "?"]
[Date "2018.06.25"]
[Round "6.16"]
[White "Kramar, Matus"]
[Black "Korenova, Simona"]
[Result "0-1"]
[BlackElo "1736"]
[WhiteElo "1680"]
[LiveChessVersion "1.4.8"]

1. e4 {[%clk 0:59:48]} c5 {[%clk 1:00:52]} 2. Nf3 {[%clk 1:00:12]} d6
{[%clk 1:01:15]} 3. d4 {[%clk 1:00:18]} cxd4 {[%clk 1:01:38]} 4. Nxd4
{[%clk 1:00:44]} Nf6 {[%clk 1:02:01]} 5. Nc3 {[%clk 1:01:09]} g6 {[%clk 1:02:25]}
6. Be3 {[%clk 1:01:15]} Bg7 {[%clk 1:02:38]} 7. f3 {[%clk 1:01:20]} O-O
{[%clk 1:02:16]} 8. Bc4 {[%clk 1:01:26]} Bd7 {[%clk 1:02:26]} 9. Qd2
{[%clk 1:01:48]} Nc6 {[%clk 1:02:42]} 10. O-O-O {[%clk 1:01:32]} a6
{[%clk 1:02:28]} 11. Bb3 {[%clk 1:01:36]} Rc8 {[%clk 1:02:05]} 12. g4
{[%clk 1:01:46]} b5 {[%clk 0:59:27]} 13. g5 {[%clk 0:56:01]} Nh5 {[%clk 0:55:46]}
14. Kb1 {[%clk 0:55:11]} Na5 {[%clk 0:54:21]} 15. f4 {[%clk 0:50:54]} Nc4
{[%clk 0:46:22]} 16. Bxc4 {[%clk 0:49:17]} Rxc4 {[%clk 0:45:03]} 17. Rhg1
{[%clk 0:40:11]} b4 {[%clk 0:41:34]} 18. Nd5 {[%clk 0:39:09]} a5 {[%clk 0:31:18]}
19. Qd3 {[%clk 0:36:56]} Rc8 {[%clk 0:29:34]} 20. Rdf1 {[%clk 0:33:16]} e6
{[%clk 0:26:20]} 21. Nb6 {[%clk 0:31:17]} Qxb6 {[%clk 0:23:01]} 22. Nxe6
{[%clk 0:31:33]} Bb5 {[%clk 0:22:05]} 23. Bxb6 {[%clk 0:27:19]} Bxd3
{[%clk 0:22:28]} 24. Nxf8 {[%clk 0:27:36]} Bxf1 {[%clk 0:18:33]} 25. Rxf1
{[%clk 0:27:37]} Bxf8 {[%clk 0:18:02]} 26. f5 {[%clk 0:27:08]} a4
{[%clk 0:17:24]} 27. f6 {[%clk 0:27:10]} Re8 {[%clk 0:16:54]} 28. Ba5
{[%clk 0:26:20]} Rxe4 {[%clk 0:16:40]} 0-1

[Event "V4Liptov2018"]
[Site "?"]
[Date "2018.06.25"]
[Round "6.17"]
[White "Sankova, Stella"]
[Black "Kulesza, Andrzej"]
[Result "1-0"]
[BlackElo "1934"]
[WhiteElo "2102"]
[LiveChessVersion "1.4.8"]

1. e4 {[%clk 1:00:22]} e5 {[%clk 1:00:36]} 2. Nf3 {[%clk 1:00:47]} Nc6
{[%clk 1:00:51]} 3. Bc4 {[%clk 1:01:12]} Bc5 {[%clk 1:01:02]} 4. c3
{[%clk 1:01:36]} Nf6 {[%clk 1:01:04]} 5. d3 {[%clk 1:02:02]} a6 {[%clk 1:01:00]}
6. Bb3 {[%clk 1:02:28]} O-O {[%clk 1:01:10]} 7. Nbd2 {[%clk 1:02:55]} d5
{[%clk 1:01:03]} 8. Qe2 {[%clk 1:03:06]} dxe4 {[%clk 1:00:24]} 9. dxe4
{[%clk 1:03:29]} Qe7 {[%clk 0:59:26]} 10. Nf1 {[%clk 1:02:12]} Ng4
{[%clk 0:58:23]} 11. Ne3 {[%clk 1:02:19]} Nxe3 {[%clk 0:58:24]} 12. Bxe3
{[%clk 1:02:44]} Bxe3 {[%clk 0:58:49]} 13. Qxe3 {[%clk 1:03:09]} Na5
{[%clk 0:58:07]} 14. O-O {[%clk 1:01:53]} Nxb3 {[%clk 0:57:54]} 15. axb3
{[%clk 1:01:49]} f6 {[%clk 0:58:14]} 16. Rfd1 {[%clk 1:01:02]} Be6
{[%clk 0:57:26]} 17. Nd2 {[%clk 1:00:16]} Rfd8 {[%clk 0:56:35]} 18. Nc4
{[%clk 0:59:33]} Rxd1+ {[%clk 0:56:06]} 19. Rxd1 {[%clk 0:59:59]} Rd8
{[%clk 0:56:31]} 20. Rd3 {[%clk 0:55:43]} Rxd3 {[%clk 0:55:47]} 21. Qxd3
{[%clk 0:56:10]} Qd7 {[%clk 0:55:27]} 22. Qxd7 {[%clk 0:54:42]} Bxd7
{[%clk 0:55:51]} 23. Kf1 {[%clk 0:48:44]} Kf7 {[%clk 0:54:07]} 24. Ke2
{[%clk 0:48:56]} Ke6 {[%clk 0:54:07]} 25. Kd3 {[%clk 0:41:02]} Bb5
{[%clk 0:53:42]} 26. Ke3 {[%clk 0:40:07]} Bxc4 {[%clk 0:53:02]} 27. bxc4
{[%clk 0:40:34]} Kd6 {[%clk 0:53:13]} 28. b4 {[%clk 0:39:15]} b6 {[%clk 0:50:59]}
29. Kd3 {[%clk 0:38:08]} Ke6 {[%clk 0:49:31]} 30. f3 {[%clk 0:33:10]} f5
{[%clk 0:49:07]} 31. Kc2 {[%clk 0:27:05]} fxe4 {[%clk 0:49:22]} 32. fxe4
{[%clk 0:27:31]} Kf6 {[%clk 0:49:37]} 33. g3 {[%clk 0:21:54]} Kg5
{[%clk 0:49:48]} 34. h3 {[%clk 0:22:07]} h5 {[%clk 0:50:03]} 35. b5
{[%clk 0:18:43]} a5 {[%clk 0:50:20]} 36. c5 {[%clk 0:19:10]} h4 {[%clk 0:50:43]}
37. gxh4+ {[%clk 0:18:59]} Kxh4 {[%clk 0:51:07]} 38. cxb6 {[%clk 0:18:51]} cxb6
{[%clk 0:51:33]} 39. c4 {[%clk 0:19:16]} Kxh3 {[%clk 0:51:42]} 40. c5
{[%clk 0:19:25]} g5 {[%clk 0:52:04]} 41. c6 {[%clk 0:19:33]} g4 {[%clk 0:52:30]}
42. c7 {[%clk 0:20:00]} g3 {[%clk 0:52:56]} 43. c8=Q+ {[%clk 0:20:26]} Kh2
{[%clk 0:53:23]} 44. Qh8+ {[%clk 0:20:37]} Kg1 {[%clk 0:53:44]} 45. Qxe5
{[%clk 0:20:37]} g2 {[%clk 0:54:10]} 46. Qd4+ {[%clk 0:20:58]} Kf1
{[%clk 0:54:35]} 47. Qxb6 {[%clk 0:21:06]} g1=Q {[%clk 0:54:57]} 48. Qxg1+
{[%clk 0:21:31]} Kxg1 {[%clk 0:55:24]} 49. e5 {[%clk 0:21:53]} 1-0

[Event "V4Liptov2018"]
[Site "?"]
[Date "2018.06.25"]
[Round "6.18"]
[White "Paprocki, Stanislaw"]
[Black "Bielik, Jakub"]
[Result "1-0"]
[BlackElo "1975"]
[WhiteElo "1864"]
[LiveChessVersion "1.4.8"]

1. e4 {[%clk 1:00:49]} e6 {[%clk 1:00:45]} 2. d4 {[%clk 1:01:16]} d5
{[%clk 1:01:12]} 3. Nd2 {[%clk 1:01:35]} c5 {[%clk 1:01:12]} 4. c3
{[%clk 1:01:03]} cxd4 {[%clk 1:01:25]} 5. cxd4 {[%clk 1:01:26]} dxe4
{[%clk 1:01:51]} 6. Nxe4 {[%clk 1:01:50]} Bb4+ {[%clk 1:00:54]} 7. Nc3
{[%clk 1:01:54]} Nc6 {[%clk 0:59:10]} 8. Nf3 {[%clk 1:02:05]} Nf6
{[%clk 0:58:14]} 9. Be2 {[%clk 1:01:50]} O-O {[%clk 0:58:04]} 10. O-O
{[%clk 1:01:16]} b6 {[%clk 0:55:29]} 11. Bg5 {[%clk 1:00:27]} Be7
{[%clk 0:55:00]} 12. Qa4 {[%clk 1:00:11]} Bb7 {[%clk 0:55:06]} 13. Rfd1
{[%clk 1:00:07]} Nd5 {[%clk 0:53:47]} 14. Bd2 {[%clk 0:55:16]} Bf6
{[%clk 0:51:02]} 15. Ne4 {[%clk 0:54:26]} Be7 {[%clk 0:50:07]} 16. Rac1
{[%clk 0:53:58]} Nb8 {[%clk 0:44:32]} 17. Ne5 {[%clk 0:43:39]} Nf6
{[%clk 0:42:44]} 18. Nxf6+ {[%clk 0:42:08]} Bxf6 {[%clk 0:43:06]} 19. Be3
{[%clk 0:41:29]} Qd6 {[%clk 0:35:44]} 20. Bf4 {[%clk 0:41:06]} Qd8
{[%clk 0:36:00]} 21. Be3 {[%clk 0:39:49]} Bg5 {[%clk 0:34:59]} 22. f4
{[%clk 0:38:43]} Be7 {[%clk 0:35:25]} 23. Qc2 {[%clk 0:35:49]} Na6
{[%clk 0:23:56]} 24. a3 {[%clk 0:33:22]} Bd6 {[%clk 0:20:14]} 25. Nc4
{[%clk 0:28:38]} Rc8 {[%clk 0:18:25]} 26. Qa4 {[%clk 0:27:39]} Bb8
{[%clk 0:18:07]} 27. Ne5 {[%clk 0:26:02]} Nc7 {[%clk 0:15:36]} 28. Nd7
{[%clk 0:23:39]} Nd5 {[%clk 0:05:53]} 29. Rxc8 {[%clk 0:18:17]} Qxc8
{[%clk 0:04:30]} 30. Rc1 {[%clk 0:17:34]} Qd8 {[%clk 0:03:41]} 31. Bf2
{[%clk 0:09:21]} Nxf4 {[%clk 0:03:24]} 32. Bf1 {[%clk 0:08:59]} Re8
{[%clk 0:03:35]} 33. Nxb8 {[%clk 0:08:57]} Qxb8 {[%clk 0:03:43]} 34. Bg3
{[%clk 0:09:27]} Rd8 {[%clk 0:01:58]} 35. Bh4 {[%clk 0:06:41]} f6
{[%clk 0:02:02]} 36. Bg3 {[%clk 0:06:25]} e5 {[%clk 0:01:58]} 37. Qc4+
{[%clk 0:06:21]} Bd5 {[%clk 0:01:43]} 38. Qc7 {[%clk 0:06:18]} Qxc7
{[%clk 0:01:23]} 39. Rxc7 {[%clk 0:06:46]} Ne6 {[%clk 0:01:45]} 40. Rxa7
{[%clk 0:06:37]} Nxd4 {[%clk 0:02:00]} 41. Ra6 {[%clk 0:07:00]} Rb8
{[%clk 0:01:55]} 42. Ra4 {[%clk 0:07:00]} Kf7 {[%clk 0:01:41]} 43. Rxd4
{[%clk 0:07:25]} 1-0